[Event "GER AM05-B email"]
[Site "GER email"]
[Date "2019.06.19"]
[Round "?"]
[White "Grigoryev, Valery Borisovich"]
[Black "Krzyzanowski, Wojciech"]
[Result "1/2-1/2"]
[WhiteElo "2466"]
[BlackElo "2493"]
[PlyCount "94"]
[EventDate "2019.??.??"]
[EventType "tourn (corr)"]
[EventRounds "14"]
[EventCountry "GER"]
[SourceTitle "Corr 2022"]
[Source "ChessBase"]
[SourceDate "2021.10.24"]
[SourceVersion "1"]
[SourceVersionDate "2021.10.24"]
[SourceQuality "1"]

1. e4 e5 2. Nf3 Nc6 3. Bc4 Nf6 4. d3 Bc5 5. 0-0 d6 6. c3 a6 7. Re1 0-0 8. a4 Ba7 9. h3 h6 10. Nbd2 Re8 11. b4 Be6 12. Bxe6 Rxe6 13. Qc2 Qd7 14. Rb1 b5 15. Ra1 Ree8 16. Nf1 d5 17. Ng3 Rad8 18. Bd2 Qe6 19. Nf5 Nh5 20. g4 dxe4 21. dxe4 Nf6 22. Kg2 Bb6 23. a5 Ba7 24. Rad1 Kh8 25. c4 bxc4 26. Rc1 g6 27. Ng3 Nd4 28. Nxd4 Bxd4 29. Rf1 h5 30. Qxc4 Qxc4 31. Rxc4 hxg4 32. h4 Rd7 33. Rfc1 Rd6 34. Bg5 c5 35. bxc5 Rc6 36. R1c2 Kg7 37. Bxf6+ Kxf6 38. Ne2 Rec8 39. Nxd4 exd4 40. Rxd4 Rxc5 41. Rxc5 Rxc5 42. Rd6+ Ke5 43. Rxa6 Kxe4 44. Rf6 Rxa5 45. Rxf7 Ra3 46. Rf6 Rh3 47. Rxg6 Rxh4 1/2-1/2

[Event "GER AM05-B email"]
[Site "GER email"]
[Date "2019.06.19"]
[Round "?"]
[White "Lins, Thomas"]
[Black "Grigoryev, Valery Borisovich"]
[Result "1/2-1/2"]
[WhiteElo "2460"]
[BlackElo "2466"]
[PlyCount "55"]
[EventDate "2019.??.??"]
[EventType "tourn (corr)"]
[EventRounds "14"]
[EventCountry "GER"]
[SourceTitle "Corr 2020"]
[Source "ChessBase"]
[SourceDate "2019.09.30"]
[SourceVersion "1"]
[SourceVersionDate "2019.09.30"]
[SourceQuality "1"]

1. d4 d5 2. c4 c6 3. Nf3 Nf6 4. Nc3 e6 5. Bg5 h6 6. Bh4 dxc4 7. e4 g5 8. Bg3 b5 9. Be2 Bb7 10. h4 g4 11. Ne5 Nbd7 12. Nxd7 Qxd7 13. Be5 Qe7 14. b3 Rg8 15. Qc2 Nd7 16. Bg3 b4 17. Na4 c3 18. a3 a5 19. 0-0 h5 20. Rfd1 Bh6 21. Bc4 Rd8 22. Rd3 Kf8 23. Bc7 c5 24. dxc5 Kg7 25. Bxa5 Bxe4 26. Rxd7 Rxd7 27. Qxe4 c2 28. Qxc2 1/2-1/2